The Journey of the West Volume 4 / (Record no. 554478)
[ view plain ]
| 000 -LEADER | |
|---|---|
| fixed length control field | 00424nam a22001457a 4500 |
| 020 ## - INTERNATIONAL STANDARD BOOK NUMBER | |
| International Standard Book Number | 9780226971391 |
| 082 ## - DEWEY DECIMAL CLASSIFICATION NUMBER | |
| Classification number | 895.134 |
| 100 ## - MAIN ENTRY--PERSONAL NAME | |
| Personal name | Yu, Anthony C. |
| 245 ## - TITLE STATEMENT | |
| Title | The Journey of the West Volume 4 / |
| Statement of responsibility, etc. | Anthony C. Yu |
| 250 ## - EDITION STATEMENT | |
| Edition statement | Revised Edition. |
| 260 ## - PUBLICATION, DISTRIBUTION, ETC. | |
| Place of publication, distribution, etc. | Chicago : |
| Name of publisher, distributor, etc. | The University of Chicago Press, |
| Date of publication, distribution, etc. | 2012. |
| 300 ## - PHYSICAL DESCRIPTION | |
| Extent | 428 p. ; |
| Dimensions | 23cm. |
| 942 ## - ADDED ENTRY ELEMENTS (KOHA) | |
| Source of classification or shelving scheme | |
| Koha item type | Book |
| Withdrawn status | Lost status | Source of classification or shelving scheme | Damaged status | Not for loan | Permanent Location | Current Location | Shelving location | Date acquired | Source of acquisition | Full call number | Barcode | Date last seen | Price effective from | Koha item type |
|---|---|---|---|---|---|---|---|---|---|---|---|---|---|---|
| Central Library (CL) | Central Library (CL) | Chinese Studies | 03/29/2021 | Pak Book Corporation | 895.134 ANT | CL-524 | 03/29/2021 | 03/29/2021 | Book |
